Statystyki dla Polscy królowie elekcyjni po zdjęciach

Kliknij tutaj aby rozwiązać quiz!

Ogólne statystyki

  • Ten quiz został rozwiązany 211 razy
  • Średni wynik to 9 z 12

Statystyki odpowiedzi

Odpowiedź% Poprawnych
Stefan Batory
93%
Henryk Walezy
87%
Jan III Sobieski
86%
Stanisław August Poniatowski
83%
Anna Jagiellonka
76%
August II Mocny
71%
Zygmunt III Waza
70%
Michał Korybut Wiśniowiecki
64%
August III Sas
62%
Stanisław Leszczyński
60%
Władysław IV Waza
58%
Jan II Kazimierz Waza
40%

Rozkład punktacji

Percentyl według liczby udzielonych odpowiedzi

Procent ludzi z każdym wynikiem

Twoja historia wyników

Nie rozwiązałeś tego quizu